000 01099nam a22002417a 4500
003 OSt
005 20250924155843.0
008 240314b ||||| |||| 00| 0 eng d
040 _c0
082 _aDPer 621.381 In821 August 2022 v. 37 n. 8
100 _aGonzalez-Prieto, Angel.
_eauthor.
_954623
245 _aHybrid multivector FCS—MPC for six-phase electric drives /
_cAngel Gonzalez-Prieto, Cristina Martin, Ignacio Gonzalez-Prieto, Mario J. Duran, Juan Carrillo-Rios, and Juan Jose Aciego.
260 _aNew York ;
_bThe Institute of Electrical and Electronics Engineers, Inc. ,
_cAugust 2022.
300 _aVolume 37, pages 8988-8999 :
_billustration ;
_c28 cm.
500 _aIEEE Transitions on Power Electronics, v. 37 n. 8, pages 8988-8999, August 2022.
700 _aGonzalez-Prieto, Angel.
_eauthor.
_954623
700 _aMartin, Cristina.
_eauthor.
_954624
700 _aGonzalez-Prieto, Ignacio.
_eauthor.
_954625
700 _aDuran, Mario J.
_eauthor.
_954626
700 _aCarrillo-Rios, Juan.
_eauthor.
_954627
700 _aAciego, Juan Jose.
_eauthor.
_954628
942 _2ddc
_cPER
999 _c19670
_d19670